Operačné riziko digitalizácie účtovníctva

Salvato in:
Dettagli Bibliografici
Autore principale: Vlčko, Ján, 1988-
Altri autori: Meluchová, Jitka, 1965-
Natura: Capitolo di libro
Lingua:inglese
Soggetti:
Tags: Aggiungi Tag
Nessun Tag, puoi essere il primo ad aggiungerne!!

MARC

LEADER 00000naa$a2200000$$$4500
001 0289420
005 20240502074433.1
041 0 |a eng 
044 |a SK 
245 1 0 |a Operačné riziko digitalizácie účtovníctva  |c Ján Vlčko, Jitka Meluchová 
500 |a Abstrakt 
610 2 0 |a účtovníctvo 
610 2 0 |a digitalizácia 
610 2 0 |a manažment 
610 2 0 |a riziko operačné 
610 2 0 |a kríza 
100 1 |a Vlčko, Ján, 1988- 
700 1 |a Meluchová, Jitka, 1965-